| 000 | 01070cab a2200325 4500 | ||
|---|---|---|---|
| 001 | ABS44674 | ||
| 008 | 090401t1991 xxu||||| |||| 00| 0 eng d | ||
| 035 | _a(Sirsi) u48404 | ||
| 041 | _aeng | ||
| 100 | _aGordon, J.N. | ||
| 245 | _aProperty performance indexes in the United Kingdom and United States | ||
| 260 | _c1991 | ||
| 350 | _a0 | ||
| 490 |
_aReal Estate Review _v21(2) Summer 1991, 33-40(8) |
||
| 520 | _aDescribes and surveys the UK property indexes and compares them to the Russell-NCREIF index , the most widely cited benchmark for property performance in the USA . References. | ||
| 650 | _aCOMPARISON | ||
| 650 | _aCORPORATE INTELLIGENCE GROUP | ||
| 650 | _aHILLIER PARKER | ||
| 650 | _aINVESTMENT PROPERTY DATABANK | ||
| 650 | _aJONES LANG WOOTTON | ||
| 650 | _aMGL-CIG INDEX | ||
| 650 | _aMORGAN GRENFELL LAURIE | ||
| 650 | _aPERFORMANCE INDICES | ||
| 650 | _aCBRE | ||
| 650 | _aSTATISTICS | ||
| 650 | _aWEATHERALL GREEN AND SMITH | ||
| 690 | _aPROPERTY-PROPERTY FINANCE AND INVESTMENT | ||
| 942 | _n0 | ||
| 948 | _c04/03/1997 | ||
| 999 |
_c30409 _d30409 |
||